| 000 | 00478nam a2200169Ia 4500 | ||
|---|---|---|---|
| 003 | GCL | ||
| 008 | 140319s9999 xx 000 0 ara d | ||
| 040 |
_aGCL / _cGCL |
||
| 082 | 0 | 4 |
_aد _b050 |
| 100 | 1 | _aاحمد حماد الحسينى | |
| 245 | 1 | 0 |
_aهجرة الحيوان (اقرا 181 ) / _cاحمد حماد الحسينى |
| 300 | _a125 | ||
| 490 |
_aاقرأ _v0 |
||
| 650 | 0 | 4 | _aالطيور - هجرة |
| 650 | 0 | 4 | _aالحيوانات - تربية |
| 942 |
_2ddc _cBK |
||
| 999 |
_c49061 _d49061 |
||